MARC

LEADER 00000nas a2200000 a 4500
001 ssj0000883937
003 WaSeSS
005 20200512172242.0
006 m d
007 cr n
008 970508c19969999iluar s s 0 a0eng c
010 |a  97640955   |z sn 97004011  
016 7 |a 101091598  |2 DNLM 
022 |l 1093-8990  |y 1093-8990 
035 |a (WaSeSS)ssj0000883937 
037 |b Chicago Policy Review, 1155 East 60th St., Chicago, IL 60637 
040 |a NSD  |b eng  |c NSD  |d DLC  |d NLM  |d OCLCQ  |d CUI  |d OCLCQ  |d OCLCF  |d AU@  |d OCLCO  |d WaSeSS 
042 |a nsdp  |a pcc 
043 |a n-us--- 
050 0 0 |a H96  |b .C45 
082 0 0 |a 320/.6  |2 21 
210 0 |a Chic. pol. rev. 
222 0 |a Chicago policy review 
245 0 0 |a Chicago policy review  |h [electronic resource]. 
260 |a Chicago, Ill. :  |b Irving B. Harris Graduate School of Public Policy Studies at the University of Chicago,  |c c1996- 
310 |a Annual,  |b 1999- 
321 |a Semiannual,  |b 1996-1998 
362 0 |a Vol. 1, no. 1 (fall 1996)- 
500 |a Title from cover. 
506 |a License restrictions may limit access. 
515 |a Vols. for 1999- consist of 1 no. only. 
650 0 |a Policy sciences  |v Periodicals. 
650 0 |a Political planning  |z United States  |v Periodicals. 
650 7 |a Policy sciences.  |2 fast  |0 (OCoLC)fst01068796 
650 7 |a Political planning.  |2 fast  |0 (OCoLC)fst01069460 
651 7 |a United States.  |2 fast  |0 (OCoLC)fst01204155 
655 0 |a Electronic journals. 
710 2 |a Irving B. Harris Graduate School of Public Policy Studies. 
850 |a DLC 
856 4 0 |z Full text available from Research Library: 01/30/2013 to present  |u https://search.proquest.com/publication/1576347